[Event "12. OSIJEK OPEN"]
[Site "Osijek"]
[Date "2019.02.22"]
[Round "4.22"]
[White "Borzan, Andrej"]
[Black "Mandaric, Fran"]
[Result "1-0"]
[WhiteElo "1831"]
[BlackElo "1619"]
[PlyCount "81"]
[EventDate "2019.02.21"]

1. d4 Nf6 2. c4 e6 3. Nf3 Bb4+ 4. Bd2 Bxd2+ 5. Nbxd2 d6 6. e3 O-O 7. Bd3 Nc6 8.
a3 a5 9. Qc2 e5 10. d5 Nb8 11. O-O Nbd7 12. b4 Re8 13. e4 b6 14. h3 Nh5 15. g3
Qg5 16. Kh2 Bb7 17. Be2 Qh6 18. Nh4 Nf4 19. Ndf3 g5 20. gxf4 gxh4 21. Rg1+ Kh8
22. Ng5 Qf6 23. f5 Rg8 24. Nf3 c5 25. Rxg8+ Rxg8 26. bxa5 bxa5 27. Qa4 Qh6 28.
Qxd7 Qf4+ 29. Kh1 Qxe4 30. Re1 Bc8 31. Qxf7 Bxf5 32. Qf6+ Rg7 33. Qxh4 Qc2 34.
Qd8+ Rg8 35. Qf6+ Rg7 36. Rg1 Bg6 37. Ng5 Qxe2 38. Nf7+ Kg8 39. Nh6+ Kh8 40.
Qf8+ Rg8 41. Qxg8# 1-0

[Event "12. OSIJEK OPEN"]
[Site "Osijek"]
[Date "2019.02.22"]
[Round "4.23"]
[White "Pralija, Marin"]
[Black "Benes, Miodrag"]
[Result "0-1"]
[WhiteElo "1704"]
[BlackElo "1829"]
[PlyCount "143"]
[EventDate "2019.02.21"]

1. d4 Nf6 2. c4 g6 3. Nc3 Bg7 4. g3 O-O 5. Bg2 d6 6. Bg5 h6 7. Bxf6 Bxf6 8. e3
c6 9. Nge2 Bg4 10. f3 Be6 11. b3 Qa5 12. O-O Na6 13. a3 Rac8 14. Qc2 b5 15. b4
Qd8 16. c5 Qd7 17. e4 Bh3 18. Rad1 Bxg2 19. Kxg2 dxc5 20. dxc5 Qe8 21. Rd3 e5
22. Rfd1 Rc7 23. f4 Bg7 24. Rd6 f5 25. Qb3+ Kh8 26. Qe6 exf4 27. gxf4 fxe4 28.
Qxe4 Re7 29. Qf3 Re3 30. Rd8 Qe7 31. Rxf8+ Bxf8 32. Qg4 Nb8 33. Rd2 Bg7 34.
Qc8+ Kh7 35. Qd8 Qe6 36. Qxb8 Qh3+ 37. Kg1 Rf3 38. Rd1 Qg4+ 39. Ng3 Rxg3+ 40.
hxg3 Qxg3+ 41. Kf1 Qf3+ 42. Kg1 Qg3+ 43. Kf1 Qxc3 44. Qd8 Qf3+ 45. Kg1 Qg3+ 46.
Kf1 Qxf4+ 47. Ke2 Qh2+ 48. Kd3 Qg3+ 49. Ke2 Qxa3 50. Qe7 Qxb4 51. Rd7 Qb2+ 52.
Kf1 a5 53. Rd8 Qc1+ 54. Kg2 h5 55. Qe8 Qxc5 56. Qg8+ Kh6 57. Qe8 a4 58. Rc8 a3
59. Rxc6 Qxc6+ 60. Qxc6 a2 61. Qc1+ Kh7 62. Qc5 a1=Q 63. Qxb5 Qb2+ 64. Qxb2
Bxb2 65. Kh3 Kh6 66. Kg3 Kg5 67. Kf3 Kh4 68. Kg2 Be5 69. Kg1 Kg3 70. Kh1 g5 71.
Kg1 Ba1 72. Kh1 0-1

[Event "12. OSIJEK OPEN"]
[Site "Osijek"]
[Date "2019.02.22"]
[Round "4.24"]
[White "Turicar, Goran"]
[Black "Marjanovic, Alex"]
[Result "0-1"]
[WhiteElo "1837"]
[BlackElo "1569"]
[PlyCount "112"]
[EventDate "2019.02.21"]

1. e4 c5 2. Nf3 Nc6 3. c3 d5 4. exd5 Qxd5 5. Be2 Nf6 6. O-O e6 7. d4 Be7 8. Bb5
O-O 9. c4 Qd6 10. Bxc6 Qxc6 11. Re1 Rd8 12. d5 Qd6 13. Qe2 Re8 14. Nc3 exd5 15.
cxd5 Nxd5 16. Nxd5 Qxd5 17. Bg5 Be6 18. Bxe7 Rxe7 19. b3 Rae8 20. Rad1 Qc6 21.
Qc2 g6 22. Qc3 Bg4 23. Rxe7 Rxe7 24. Rd8+ Re8 25. Rxe8+ Qxe8 26. Qxc5 Qe2 27.
Qc3 Qxa2 28. Ne1 Be6 29. b4 Qc4 30. Qd2 Qd5 31. Qe3 b6 32. h3 Qb3 33. Qd2 Qd5
34. Qf4 Qb7 35. Nf3 a5 36. Ng5 Bd5 37. bxa5 bxa5 38. f3 Qa7+ 39. Kh2 a4 40. Qd6
Qb7 41. Qd8+ Kg7 42. Qa5 h6 43. Qc3+ Kg8 44. Ne4 Bxe4 45. fxe4 Qxe4 46. Qc8+
Kh7 47. Qc7 Qe6 48. Qa5 Qb3 49. Qa7 a3 50. h4 h5 51. Qe7 a2 52. Qf6 Qb8+ 53.
Kh3 Qc8+ 54. Kh2 Qc7+ 55. Kh3 Qd7+ 56. Kg3 Qf5 0-1

[Event "12. OSIJEK OPEN"]
[Site "Osijek"]
[Date "2019.02.22"]
[Round "4.25"]
[White "Topalic, Fran"]
[Black "Masirevic, Miroljub"]
[Result "0-1"]
[WhiteElo "1480"]
[BlackElo "1833"]
[PlyCount "76"]
[EventDate "2019.02.21"]

1. e4 c5 2. Nf3 Nc6 3. d4 cxd4 4. Nxd4 e5 5. Nb3 Nf6 6. Nc3 Bb4 7. Bd3 d5 8.
exd5 Nxd5 9. Bd2 O-O 10. O-O Nxc3 11. Bxc3 Bxc3 12. bxc3 b6 13. Re1 Qc7 14. Qe2
Bb7 15. Rad1 g6 16. Bc4 Rad8 17. Rxd8 Rxd8 18. Rd1 Rxd1+ 19. Qxd1 Ne7 20. Bf1
Kg7 21. c4 Nf5 22. Qd2 a5 23. c3 Qe7 24. Qe2 f6 25. c5 a4 26. Nd2 Qxc5 27. Ne4
Qc6 28. f3 h5 29. Qb2 Qc7 30. Qd2 Bxe4 31. fxe4 Nd6 32. Bd3 Qc5+ 33. Kh1 g5 34.
Qc2 a3 35. Be2 Qe3 36. Qd3 Qc1+ 37. Bd1 Nxe4 38. Qd7+ Kh6 0-1

[Event "12. OSIJEK OPEN"]
[Site "Osijek"]
[Date "2019.02.22"]
[Round "4.26"]
[White "Martinovic, Josip"]
[Black "Franc, Borna"]
[Result "0-1"]
[WhiteElo "1616"]
[BlackElo "1755"]
[PlyCount "50"]
[EventDate "2019.02.21"]

1. d4 Nf6 2. c4 e6 3. Nc3 d5 4. Nf3 Be7 5. Bf4 O-O 6. e3 a6 7. Ne5 c6 8. c5
Nbd7 9. Be2 Nxe5 10. Bxe5 Nd7 11. Bg3 Re8 12. O-O Bf8 13. b4 e5 14. a4 exd4 15.
exd4 Nf6 16. b5 Bf5 17. Bd3 Ne4 18. Ne2 axb5 19. Bxe4 Bxe4 20. axb5 Rxa1 21.
Qxa1 Bd3 22. bxc6 bxc6 23. Nc3 Bxf1 24. Qxf1 Qa5 25. Nd1 Re1 0-1

[Event "12. OSIJEK OPEN"]
[Site "Osijek"]
[Date "2019.02.22"]
[Round "4.28"]
[White "Grguric, Damir"]
[Black "Gnjajic, Blagoja"]
[Result "1-0"]
[WhiteElo "1986"]
[BlackElo "1677"]
[PlyCount "87"]
[EventDate "2019.02.21"]

1. d4 d5 2. c4 Nf6 3. Nc3 e6 4. Bg5 Be7 5. Nf3 O-O 6. e3 Nbd7 7. h3 Ne4 8. Bxe7
Qxe7 9. cxd5 Nxc3 10. bxc3 exd5 11. Bd3 f5 12. Qc2 Nb6 13. a4 a5 14. Ne5 Be6
15. O-O Nd7 16. f4 Nxe5 17. fxe5 g6 18. c4 b6 19. cxd5 Bxd5 20. Bc4 c6 21.
Bxd5+ cxd5 22. Qb3 Qe6 23. Rab1 Rab8 24. Qb5 Rf7 25. Rfc1 Qd7 26. Qxd7 Rxd7 27.
Rc6 Rdb7 28. Rb5 Kf7 29. Kf2 g5 30. Rf6+ Kg7 31. Rxf5 Rf7 32. Rxf7+ Kxf7 33.
Rxd5 Ke6 34. Rb5 h5 35. Kf3 Rf8+ 36. Ke4 Rb8 37. d5+ Kd7 38. Kf5 Kc7 39. e6 Kd6
40. e4 Rf8+ 41. Kxg5 Ke5 42. Rxb6 Rg8+ 43. Kxh5 Rxg2 44. e7 1-0

[Event "12. OSIJEK OPEN"]
[Site "Osijek"]
[Date "2019.02.22"]
[Round "4.29"]
[White "Perci, Franjo"]
[Black "Mravunac, Branko"]
[Result "0-1"]
[WhiteElo "1663"]
[BlackElo "1990"]
[PlyCount "31"]
[EventDate "2019.02.21"]

1. e4 d6 2. Bc4 Nf6 3. Nc3 c6 4. Bb3 b5 5. d3 a5 6. a3 h6 7. Nge2 e5 8. Ng3
Nbd7 9. f4 Nc5 10. Ba2 Bg4 11. Nce2 exf4 12. Bxf4 Nh5 13. O-O Ra7 14. Nxh5 Bxh5
15. Qd2 Rd7 16. Ng3 {Na oba zapisnika je nejasan zapis partije koja je
zavrsila u 58.potezu.} 0-1

[Event "12. OSIJEK OPEN"]
[Site "Osijek"]
[Date "2019.02.22"]
[Round "4.30"]
[White "Oberman, Hotimir"]
[Black "Baturina, Marin"]
[Result "1/2-1/2"]
[WhiteElo "1951"]
[BlackElo "1531"]
[PlyCount "129"]
[EventDate "2019.02.21"]

1. e4 c5 2. Nf3 d6 3. Bb5+ Bd7 4. Qe2 a6 5. Bc4 e6 6. c3 Nf6 7. d4 cxd4 8. cxd4
Be7 9. Nc3 O-O 10. O-O b5 11. Bd3 Nc6 12. a3 Rc8 13. Be3 Qc7 14. h3 Ra8 15.
Rac1 Qb7 16. Nh2 Rfc8 17. f4 Na7 18. Ng4 a5 19. Nxf6+ Bxf6 20. e5 Be7 21. f5
dxe5 22. dxe5 b4 23. Ne4 Rxc1 24. Rxc1 exf5 25. Nd6 Bxd6 26. exd6 Nc6 27. Rf1
bxa3 28. bxa3 Qb3 29. Bxf5 Bxf5 30. Rxf5 Qxa3 31. d7 Qd6 32. Qd2 Qe6 33. Rxa5
Rd8 34. Rd5 Nb8 35. Rd6 Qe7 36. Bg5 f6 37. Be3 Rxd7 38. Bf4 Rxd6 39. Bxd6 Qa7+
40. Kh2 h6 41. Qd5+ Kh8 42. Qe6 Qd7 43. Qxd7 Nxd7 44. Kg3 Kh7 45. Kf4 g6 46.
Be7 Kg7 47. Ke4 Kf7 48. Bd8 Ke6 49. g4 Nc5+ 50. Kf3 Nd3 51. Ke3 Ne1 52. Ke2 Nc2
53. Bb6 Nb4 54. Kf3 f5 55. Bc5 Nd5 56. Bf8 h5 57. Bh6 Kf6 58. Bd2 fxg4+ 59.
hxg4 h4 60. Kg2 g5 61. Kh3 Nc7 62. Be1 Ke5 63. Bxh4 gxh4 64. Kxh4 Kf6 65. Kh5
1/2-1/2

[Event "12. OSIJEK OPEN"]
[Site "Osijek"]
[Date "2019.02.22"]
[Round "4.32"]
[White "Juric, Ester"]
[Black "Fures, Ivica"]
[Result "1-0"]
[WhiteElo "1474"]
[BlackElo "1879"]
[PlyCount "95"]
[EventDate "2019.02.21"]

1. d4 Nf6 2. c4 e6 3. Nc3 d5 4. Nf3 Bb4 5. Qc2 O-O 6. Bg5 h6 7. Bf4 c6 8. e3
Nh5 9. Bg3 Nd7 10. a3 Bxc3+ 11. bxc3 Nxg3 12. hxg3 Nf6 13. Bd3 dxc4 14. Bxc4 c5
15. Rd1 Qc7 16. Bd3 b6 17. e4 Rd8 18. e5 Ne8 19. Qd2 Bb7 20. Be2 Rac8 21. O-O
cxd4 22. cxd4 Qc3 23. Qc1 Qb3 24. Rd3 Qa4 25. Qe3 Nc7 26. Rc1 Nd5 27. Qd2 Rxc1+
28. Qxc1 Rc8 29. Qe1 Ba6 30. Bd1 Qc4 31. Rd2 Qc1 32. a4 Nc3 33. Kh2 Nb1 34. Ra2
Bc4 35. Rc2 Qa3 36. Be2 Qb3 37. Rxc4 Rxc4 38. Bxc4 Qxc4 39. Qxb1 Qxa4 40. Qe4
Qd7 41. g4 a5 42. g5 b5 43. Qa8+ Kh7 44. Qxa5 hxg5 45. Nxg5+ Kg6 46. Nf3 f6 47.
Qd2 Qe7 48. Qd3+ 1-0

[Event "12. OSIJEK OPEN"]
[Site "Osijek"]
[Date "2019.02.22"]
[Round "4.33"]
[White "Lovakovic, Franjo"]
[Black "Horvat, Denis"]
[Result "0-1"]
[WhiteElo "1867"]
[BlackElo "1591"]
[PlyCount "94"]
[EventDate "2019.02.21"]

1. e4 c5 2. Nf3 a6 3. d4 cxd4 4. Nxd4 Nf6 5. Nc3 e5 6. Nb3 Bb4 7. a3 Bxc3+ 8.
bxc3 Qc7 9. c4 O-O 10. Bd3 d6 11. O-O Be6 12. Nd2 Nbd7 13. Kh1 Nb6 14. Qe2 Rac8
15. f4 Nxc4 16. Rb1 b5 17. f5 Nxd2 18. Bxd2 Bc4 19. Bb4 Rfd8 20. Qe1 Bxd3 21.
cxd3 Qc2 22. Qe3 Ng4 23. Qf3 Nf6 24. Ba5 Re8 25. g4 Qa2 26. Ra1 Qb2 27. Rfb1
Qd4 28. Bb4 Rc2 29. Rf1 d5 30. g5 dxe4 31. Qh3 Nd5 32. g6 Nf6 33. gxh7+ Kh8 34.
dxe4 Qxe4+ 35. Qf3 Qxf3+ 36. Rxf3 Rec8 37. Re3 e4 38. Be7 Rc1+ 39. Rxc1 Rxc1+
40. Kg2 Rc4 41. Bxf6 gxf6 42. Rh3 Rc5 43. Rh5 a5 44. Kf2 b4 45. axb4 axb4 46.
Ke2 b3 47. Rh3 Rb5 0-1

[Event "12. OSIJEK OPEN"]
[Site "Osijek"]
[Date "2019.02.22"]
[Round "4.34"]
[White "Galonja, Igor"]
[Black "Sokcevic, Dario"]
[Result "0-1"]
[WhiteElo "1888"]
[BlackElo "1506"]
[PlyCount "104"]
[EventDate "2019.02.21"]

1. d4 Nf6 2. Nf3 g6 3. Nc3 Bg7 4. e4 d6 5. Be2 O-O 6. O-O e5 7. dxe5 dxe5 8.
Be3 Nc6 9. Qe1 Be6 10. Bc5 Re8 11. Rd1 Qc8 12. b3 Rd8 13. Rxd8+ Qxd8 14. Ng5
Nd4 15. Bxd4 exd4 16. e5 dxc3 17. exf6 Qxf6 18. Ne4 Qe5 19. Bd3 Rd8 20. Qe3 f5
21. Qg5 Rxd3 22. cxd3 fxe4 23. Qd8+ Bf8 24. Re1 Bd5 25. dxe4 Bxe4 26. f3 Qc5+
27. Kh1 c2 28. Qd2 Qd5 29. Qc3 Qd1 30. fxe4 Qxe1+ 31. Qxe1 Ba3 32. Kg1 c1=Q 33.
Qxc1 Bxc1 34. Kf2 Kf7 35. Ke2 Ke6 36. Kd3 Ke5 37. g3 b5 38. a4 c6 39. axb5 cxb5
40. Kc3 Kxe4 41. Kb4 a6 42. Ka5 Kf3 43. Kxa6 Kg2 44. Kxb5 Kxh2 45. g4 Kg3 46.
Kc4 Kxg4 47. Kd3 h5 48. Ke2 Kh3 49. b4 Bf4 50. Kf2 Kh2 51. b5 g5 52. Kf3 Bb8
0-1

[Event "12. OSIJEK OPEN"]
[Site "Osijek"]
[Date "2019.02.22"]
[Round "4.36"]
[White "Dragicevic, Ivica"]
[Black "Borzan, Matej"]
[Result "0-1"]
[WhiteElo "1719"]
[BlackElo "1501"]
[PlyCount "102"]
[EventDate "2019.02.21"]

1. d4 Nf6 2. Nf3 g6 3. g3 Bg7 4. Bg2 O-O 5. O-O d6 6. c3 Nbd7 7. Nbd2 Re8 8. e3
e5 9. Qc2 Nh5 10. dxe5 Nxe5 11. Nxe5 Bxe5 12. Nc4 Bg7 13. b3 Nf6 14. Bb2 Bf5
15. Qe2 d5 16. Nd2 c6 17. c4 d4 18. e4 d3 19. Qd1 Nxe4 20. Bxg7 Kxg7 21. Nxe4
Bxe4 22. Re1 Bxg2 23. Rxe8 Qxe8 24. Kxg2 Qd7 25. Qd2 Re8 26. Rd1 Rd8 27. Qc3+
Kg8 28. Rd2 Qf5 29. f3 Qe6 30. Kf2 Qd6 31. b4 f5 32. c5 Qd5 33. Qb3 Kf7 34.
Qxd5+ Rxd5 35. Ke3 Ke6 36. Rxd3 Rxd3+ 37. Kxd3 Kd5 38. a3 a6 39. Kc3 g5 40. h3
h5 41. Kd3 a5 42. g4 fxg4 43. fxg4 h4 44. Ke3 axb4 45. axb4 Ke5 46. Kf3 Kd4 47.
Kf2 Kc4 48. Ke3 Kxb4 49. Kd4 Kb5 50. Ke5 Kxc5 51. Kf5 b5 0-1

[Event "12. OSIJEK OPEN"]
[Site "Osijek"]
[Date "2019.02.22"]
[Round "4.37"]
[White "Markovic, Marko"]
[Black "Skocibusic, Ivo"]
[Result "1/2-1/2"]
[WhiteElo "1407"]
[BlackElo "1923"]
[PlyCount "140"]
[EventDate "2019.02.21"]

1. d4 Nf6 2. c4 g6 3. Nc3 Bg7 4. Nf3 O-O 5. e4 d6 6. Bg5 h6 7. Bh4 Nbd7 8. Be2
e5 9. d5 Nc5 10. b4 Na6 11. a3 g5 12. Bg3 Bg4 13. h3 Bh5 14. O-O Bg6 15. Nd2
Ne8 16. Qc2 f5 17. f3 f4 18. Bf2 Nf6 19. Nb3 Be8 20. b5 Nb8 21. a4 Bd7 22. c5
Bc8 23. c6 b6 24. a5 h5 25. Qd1 Rf7 26. Na4 g4 27. fxg4 hxg4 28. Bxg4 Bxg4 29.
hxg4 Nxe4 30. Qf3 Ng5 31. Qd3 e4 32. Qc2 Bxa1 33. Rxa1 bxa5 34. Nxa5 Qf6 35.
Rf1 Rh7 36. Be3 a6 37. b6 cxb6 38. Nxb6 Raa7 39. Nb7 Qg7 40. Bxf4 Rxb7 41. cxb7
Qxb7 42. Qc8+ Qxc8 43. Nxc8 Nf7 44. Nxd6 Nxd6 45. Bxd6 Nd7 46. Rf4 Rf7 47. Rxe4
Nf6 48. Ra4 Nxd5 49. Rxa6 Ne3 50. Ra8+ Kh7 51. g5 Ng4 52. g3 Ne3 53. Bf4 Nd5
54. Ra4 Kg6 55. Rd4 Ne7 56. Kg2 Nf5 57. Rc4 Ne7 58. Kf3 Kg7 59. Ke4 Ng6 60. Rc6
Re7+ 61. Kf5 Rf7+ 62. Rf6 Nf8 63. Kg4 Nd7 64. Rd6 Re7 65. Kh5 Nf8 66. Rc6 Kg8
67. g6 Re8 68. Rf6 Re6 69. Rf5 Nxg6 70. Rg5 Kf7 1/2-1/2

[Event "12. OSIJEK OPEN"]
[Site "Osijek"]
[Date "2019.02.22"]
[Round "4.38"]
[White "Lovrinic, Vlatko"]
[Black "Perko, Bartol"]
[Result "1-0"]
[WhiteElo "1717"]
[BlackElo "1446"]
[PlyCount "57"]
[EventDate "2019.02.21"]

1. d4 Nf6 2. Bf4 d5 3. e3 Bf5 4. c4 e6 5. Nc3 Bb4 6. a3 Bxc3+ 7. bxc3 Ne4 8. f3
Nf6 9. Bd3 Bxd3 10. Qxd3 O-O 11. Rb1 b6 12. Bg5 h6 13. Bh4 g5 14. Bg3 c5 15.
Ne2 Nc6 16. Nc1 Re8 17. O-O e5 18. cxd5 Qxd5 19. e4 Qd7 20. dxc5 bxc5 21. Rd1
Qe7 22. Qe3 c4 23. a4 Nd7 24. Rb7 Qc5 25. Bf2 Qxe3 26. Bxe3 Nf6 27. Rd6 Na5 28.
Rb5 Nb3 29. Rxf6 1-0

[Event "12. OSIJEK OPEN"]
[Site "Osijek"]
[Date "2019.02.22"]
[Round "4.39"]
[White "Raguz, Ivanka"]
[Black "Pergar, Lovro"]
[Result "1-0"]
[WhiteElo "1706"]
[BlackElo "1483"]
[PlyCount "44"]
[EventDate "2019.02.21"]

1. e4 c5 2. Nf3 d6 3. d4 cxd4 4. Nxd4 Nf6 5. Nc3 e6 6. Be2 Be7 7. O-O O-O 8.
Be3 b6 9. f4 Bb7 10. Bf3 Nbd7 11. Ndb5 Nc5 12. e5 dxe5 13. fxe5 Nfe4 14. Nxe4
Nxe4 15. Qe2 Qd5 16. Nc7 Qxe5 17. Nxa8 Bxa8 18. c3 Bd6 19. g3 f5 20. Bd4 Bc5
21. Bxc5 Qxc5+ 22. Kg2 f4 1-0

[Event "12. OSIJEK OPEN"]
[Site "Osijek"]
[Date "2019.02.22"]
[Round "4.40"]
[White "Juric, Matea"]
[Black "Dankos, Mislav"]
[Result "1-0"]
[WhiteElo "1459"]
[BlackElo "1329"]
[PlyCount "63"]
[EventDate "2019.02.21"]

1. e4 e5 2. Nf3 Nc6 3. Bc4 Bc5 4. h3 Nf6 5. d3 h6 6. Nc3 d6 7. Be3 Nd4 8. Bxd4
Bxd4 9. Nxd4 exd4 10. Ne2 c5 11. c3 dxc3 12. Nxc3 O-O 13. O-O Be6 14. Bb3 Qc7
15. f4 Qb6 16. Kh1 Rfe8 17. Ba4 Re7 18. Rb1 Qc7 19. Nb5 Qb6 20. Nxd6 Qxd6 21.
e5 Qd4 22. exf6 Qxf6 23. Bb3 Bxb3 24. Qxb3 Re2 25. Rbe1 Rxb2 26. Qd5 Rd8 27.
Qxc5 Rxd3 28. Rf2 Rdd2 29. Rxd2 Rxd2 30. Qc8+ Kh7 31. Qxb7 Rxa2 32. Qb1+ 1-0

[Event "12. OSIJEK OPEN "]
[Site "Osijek"]
[Date "2019.02.23"]
[Round "5.1"]
[White "Ivekovic, Bozidar"]
[Black "Stocko, Josip"]
[Result "1-0"]
[WhiteElo "2398"]
[BlackElo "2294"]
[PlyCount "117"]
[EventDate "2019.02.21"]

1. d4 Nf6 2. c4 e6 3. g3 Bb4+ 4. Bd2 Bxd2+ 5. Nxd2 d6 6. Ngf3 Qe7 7. Bg2 O-O 8.
O-O Nbd7 9. e4 e5 10. d5 a5 11. b3 Nc5 12. Nh4 g6 13. a3 Ng4 14. Qc2 Nh6 15. b4
axb4 16. axb4 Rxa1 17. Rxa1 Na6 18. Qc3 f5 19. exf5 gxf5 20. Nb3 f4 21. Nd2 Ng4
22. Ne4 Nf6 23. Ng5 Ng4 24. Ne6 Bxe6 25. dxe6 c6 26. Bh3 Nxf2 27. Bf5 Rxf5 28.
Nxf5 Nh3+ 29. Kg2 Qxe6 30. Nxd6 Ng5 31. Qd2 Qh3+ 32. Kh1 Nf3 33. Qg2 Qxg2+ 34.
Kxg2 Nd4 35. gxf4 exf4 36. Ra4 Nc2 37. b5 cxb5 38. cxb5 Nc5 39. Ra8+ Kg7 40.
Nxb7 Nd3 41. Nd6 Nd4 42. Ra3 Ne5 43. b6 Kf6 44. b7 Ndc6 45. Nc4 Nd7 46. Ra6
Ndb8 47. Na5 Nxa6 48. Nxc6 Kg5 49. Kh3 h5 50. b8=Q Nxb8 51. Nxb8 Kf5 52. Nd7
Ke6 53. Nc5+ Kd5 54. Nd3 Ke4 55. Ne1 Ke3 56. Kg2 Ke2 57. Nf3 Ke3 58. Ng1 h4 59.
h3 1-0

[Event "12. OSIJEK OPEN"]
[Site "Osijek"]
[Date "2019.02.23"]
[Round "5.2"]
[White "Lalic, Kristijan"]
[Black "Jusup, Matej"]
[Result "1/2-1/2"]
[WhiteElo "2196"]
[BlackElo "2236"]
[PlyCount "43"]
[EventDate "2019.02.21"]

1. e4 e5 2. Nf3 Nf6 3. Nxe5 d6 4. Nf3 Nxe4 5. Nc3 Nxc3 6. dxc3 Be7 7. Be3 Nd7
8. Be2 O-O 9. O-O Nf6 10. c4 Bg4 11. Nd4 Bd7 12. Qd3 Qc8 13. Rad1 Re8 14. Bg5
Ng4 15. Bxe7 Ne5 16. Qc3 Rxe7 17. c5 dxc5 18. Qxc5 Re8 19. Rfe1 Nc6 20. Bc4
Nxd4 21. Qxd4 Bf5 22. Bb3 1/2-1/2

[Event "12. OSIJEK OPEN "]
[Site "Osijek"]
[Date "2019.02.23"]
[Round "5.3"]
[White "Ljikar, Zoran"]
[Black "Nikic, Patrick"]
[Result "0-1"]
[WhiteElo "2205"]
[BlackElo "2072"]
[PlyCount "90"]
[EventDate "2019.02.21"]

1. e4 c5 2. c4 Nc6 3. Nc3 g6 4. g3 Bg7 5. Bg2 d6 6. Nge2 Nf6 7. O-O O-O 8. d3
Rb8 9. a3 a6 10. f4 Bd7 11. Rb1 b5 12. h3 Ne8 13. cxb5 axb5 14. b4 cxb4 15.
axb4 Qc8 16. Kh2 Nxb4 17. Rxb4 Bxc3 18. Nxc3 Qxc3 19. Rb3 Qc7 20. f5 Nf6 21.
Bg5 Rfc8 22. fxg6 hxg6 23. d4 Qc2 24. Qf3 b4 25. Rf2 Qc7 26. Re3 Be8 27. e5
dxe5 28. dxe5 Nh7 29. Bh6 Qc6 30. Qf4 Qe6 31. h4 Rc4 32. Re4 Rxe4 33. Bxe4 b3
34. h5 b2 35. hxg6 fxg6 36. Bb1 Rb5 37. Re2 Bd7 38. Kg1 Qb6+ 39. Rf2 Be6 40.
Kh2 Rb4 41. Qf3 Qb7 42. Qc3 Bf5 43. Qd2 Qb6 44. Ba2+ e6 45. Qd7 Qxf2+ 0-1

[Event "12. OSIJEK OPEN "]
[Site "Osijek"]
[Date "2019.02.23"]
[Round "5.4"]
[White "Grandic, Zvjezdan"]
[Black "Matanovic, Luka"]
[Result "1-0"]
[WhiteElo "2168"]
[BlackElo "2264"]
[PlyCount "121"]
[EventDate "2019.02.21"]

1. e4 e5 2. Nf3 Nc6 3. Bb5 a6 4. Ba4 Nf6 5. d3 b5 6. Bb3 Be7 7. O-O d6 8. c3
O-O 9. h3 h6 10. Re1 Re8 11. Nbd2 Bf8 12. Nf1 Na5 13. Bc2 c5 14. g4 Bb7 15. Ng3
g6 16. g5 hxg5 17. Bxg5 Bg7 18. Qd2 Qd7 19. Kg2 d5 20. Qe3 dxe4 21. dxe4 Nc4
22. Qc1 Qc6 23. Nh4 Nh7 24. b3 Nd6 25. Kh2 Qd7 26. Bd1 Nf6 27. Bxf6 Bxf6 28.
Bg4 Qe7 29. Nf3 Kg7 30. Qe3 c4 31. Rad1 Qc7 32. Rg1 Rh8 33. b4 Rad8 34. Rge1
Bc8 35. Bxc8 Qxc8 36. Ng1 Qe6 37. Qb6 Be7 38. Re3 Bg5 39. Rf3 Bf4 40. Kg2 Rd7
41. N3e2 Bg5 42. Qc6 Rc8 43. Qd5 Qxd5 44. Rxd5 f6 45. Rg3 Rcd8 46. Nf3 Nxe4 47.
Rxd7+ Rxd7 48. Rg4 Nd6 49. Nxg5 fxg5 50. Rxg5 Kf6 51. f4 Nf7 52. Rg3 Rd2 53.
fxe5+ Nxe5 54. Kf2 Rxa2 55. Ke3 Rc2 56. Rg2 Nf7 57. Rf2+ Kg7 58. Rf1 Ra2 59.
Nd4 Nd6 60. Ne6+ Kh6 61. Rf8 1-0

[Event "12. OSIJEK OPEN "]
[Site "Osijek"]
[Date "2019.02.23"]
[Round "5.5"]
[White "Radikovic, Anamarija"]
[Black "Trbojevic, Mladen"]
[Result "0-1"]
[WhiteElo "1856"]
[BlackElo "2354"]
[PlyCount "142"]
[EventDate "2019.02.21"]

1. d4 Nf6 2. Nf3 g6 3. Bf4 Bg7 4. Nc3 d5 5. e3 O-O 6. Be2 b6 7. Ne5 Bb7 8. h4
h6 9. h5 g5 10. Bxg5 hxg5 11. h6 Bh8 12. h7+ Kg7 13. Bd3 e6 14. Qf3 Ne4 15. Qh3
Kf6 16. Nb5 a6 17. f3 Nd6 18. Qh6+ Ke7 19. Nxd6 cxd6 20. Qxg5+ Bf6 21. Nxf7
Rxf7 22. Qxf6+ Kxf6 23. h8=Q+ Qxh8 24. Rxh8 a5 25. Kf2 Nc6 26. Rh6+ Ke7 27.
Rah1 Rg8 28. Bh7 Rgg7 29. Bg6 Rf8 30. g4 e5 31. Bf5 Bc8 32. Rh7 Rxh7 33. Rxh7+
Kd8 34. Bxc8 Kxc8 35. c3 Nd8 36. Kg3 Rf7 37. Rh6 Kc7 38. f4 Nc6 39. g5 Ne7 40.
Kg4 exf4 41. exf4 Kd7 42. g6 Rf6 43. Kg5 Ke6 44. a4 Rf5+ 45. Kg4 Ng8 46. Rh8
Nf6+ 47. Kf3 Nh5 48. Kg4 Nf6+ 49. Kf3 Nh5 50. Kg4 Ng7 51. Rg8 Nh5 52. Rh8 Nf6+
53. Kf3 Ke7 54. Rb8 Rh5 55. Rb7+ Ke6 56. g7 Rh3+ 57. Kg2 Rh4 58. Kg3 Rg4+ 59.
Kf3 Kf5 60. Rf7 Rxf4+ 61. Kg3 Rg4+ 62. Kh3 Rg6 63. Kh2 Ke6 64. Rb7 Nd7 65. b4
Rxg7 66. Ra7 axb4 67. cxb4 Rg4 68. a5 bxa5 69. bxa5 Rxd4 70. a6 Ra4 71. Ra8 Nb6
0-1

[Event "12. OSIJEK OPEN "]
[Site "Osijek"]
[Date "2019.02.23"]
[Round "5.6"]
[White "Muha, Magdalena"]
[Black "Sasvari, Zelimir"]
[Result "1-0"]
[WhiteElo "1848"]
[BlackElo "2198"]
[PlyCount "185"]
[EventDate "2019.02.21"]

1. d4 c5 2. d5 e5 3. e4 a6 4. a4 d6 5. Nc3 Be7 6. Bd3 Bg5 7. Nge2 Bxc1 8. Qxc1
Nd7 9. O-O Ne7 10. f4 exf4 11. Qxf4 Ne5 12. b3 N7g6 13. Qf2 b6 14. Nf4 Ra7 15.
Nh5 O-O 16. Nd1 Bg4 17. Be2 Qg5 18. Ng3 Qh4 19. Nf5 Qxf2+ 20. Rxf2 Bxf5 21.
exf5 Ne7 22. c4 f6 23. Nc3 Rb7 24. h3 Rfb8 25. g4 Re8 26. Bf1 Nc8 27. Kg2 Rbe7
28. Rd1 h5 29. Kg3 hxg4 30. hxg4 Nf7 31. Rd3 Ng5 32. Re2 Ne4+ 33. Nxe4 Rxe4 34.
Kf3 Rxe2 35. Bxe2 Kf7 36. Re3 Re5 37. Kf4 Ne7 38. Bd3 Kg8 39. Re4 Kh7 40. Re3
Kg8 41. Bc2 Kf7 42. Bd3 Ke8 43. Kf3 Ng8 44. Kf4 Nh6 45. Re4 Nf7 46. Re2 Kd7 47.
Re4 Kc7 48. Re2 Ng5 49. Re3 Kd7 50. Bc2 Ke7 51. Bd3 Kf8 52. Bc2 Kg8 53. Bd3 Kh7
54. Bc2 Kh6 55. Bd3 Kh7 56. Bc2 Kg8 57. Bd3 Kh8 58. Bc2 Kh7 59. Bd3 Kh6 60. Bc2
Rxe3 61. Kxe3 Nh3 62. Kf3 Kg5 63. Kg3 Nf4 64. Kf3 g6 65. fxg6 Nxg6 66. Kg3 Ne5
67. Bf5 a5 68. Be6 Nd3 69. Bf5 Nc1 70. Bc2 Ne2+ 71. Kh3 Kf4 72. Kh4 Nd4 73. Bd1
Ke3 74. Kh5 Ke4 75. Kg6 Ke5 76. Kf7 f5 77. g5 f4 78. g6 Nf5 79. g7 Kd4 80. g8=Q
Nh6+ 81. Kf8 Nxg8 82. Kxg8 Kc3 83. Kf7 f3 84. Bxf3 Kxb3 85. Ke6 Kxa4 86. Kxd6
Kb4 87. Bd1 Kxc4 88. Kc6 b5 89. d6 a4 90. d7 a3 91. d8=Q b4 92. Qa5 Kc3 93.
Qxc5+ 1-0

[Event "12. OSIJEK OPEN "]
[Site "Osijek"]
[Date "2019.02.23"]
[Round "5.7"]
[White "Horvat, David"]
[Black "Dabic, Stjepan"]
[Result "0-1"]
[WhiteElo "2183"]
[BlackElo "2123"]
[PlyCount "78"]
[EventDate "2019.02.21"]

1. e4 c5 2. Nf3 d6 3. d4 cxd4 4. Nxd4 Nf6 5. Nc3 g6 6. Be3 Bg7 7. f3 O-O 8. Qd2
Nc6 9. Bc4 Bd7 10. O-O-O Rc8 11. Bb3 Ne5 12. Kb1 a6 13. g4 b5 14. h4 h5 15.
Rdg1 Bxg4 16. Rg3 Kh7 17. fxg4 Nexg4 18. Nf3 b4 19. Ng5+ Kh8 20. Nd5 Nxd5 21.
exd5 Nxe3 22. Qxe3 Qd7 23. Rf1 Kg8 24. Qe4 Qb5 25. Rgf3 Bf6 26. Rg1 Qc5 27.
Rfg3 Qd4 28. Qxd4 Bxd4 29. Rd1 Be5 30. Rf3 a5 31. Rdf1 f6 32. Ne6 Rf7 33. Ba4
Rc4 34. Rh1 f5 35. Be8 Rf6 36. Ng5 Rg4 37. Bd7 Bg3 38. Ne4 fxe4 39. Re3 Rxh4
0-1

[Event "12. OSIJEK OPEN"]
[Site "Osijek"]
[Date "2019.02.23"]
[Round "5.8"]
[White "Cajzler, Hinko"]
[Black "Gavran, Marinko"]
[Result "1/2-1/2"]
[WhiteElo "2142"]
[BlackElo "2030"]
[PlyCount "56"]
[EventDate "2019.02.21"]

1. Nf3 d5 2. d4 Nf6 3. c4 e6 4. cxd5 exd5 5. Nc3 Bd6 6. Bg5 Be6 7. Qb3 Nbd7 8.
e3 O-O 9. Bd3 h6 10. Bh4 c5 11. Qc2 Rc8 12. O-O cxd4 13. exd4 Re8 14. Rfe1 a6
15. Rac1 b5 16. a3 Qb6 17. Bf5 Bf4 18. Rcd1 Rc6 19. Bxe6 Rcxe6 20. Rxe6 Qxe6
21. Bxf6 Nxf6 22. g3 Qg4 23. Kg2 Bd6 24. h3 Qc8 25. Qb3 Qc4 26. Nd2 Qc8 27. Nf1
Qc4 28. Nd2 Qc8 1/2-1/2